Introduction to research in education

Contents: Foundations; Research background; Statistical analysis; Fundamentals of measurement; Research methods...

محفوظ في:
التفاصيل البيبلوغرافية
المؤلف الرئيسي: Ary, Donald
التنسيق: كتاب
اللغة:Undetermined
منشور في: New York Holt 1985
الموضوعات:
الوسوم: إضافة وسم
لا توجد وسوم, كن أول من يضع وسما على هذه التسجيلة!
Thư viện lưu trữ: Trung tâm Học liệu Trường Đại học Cần Thơ
LEADER 00694nam a2200217Ia 4500
001 CTU_185907
008 210402s9999 xx 000 0 und d
020 |c 49 
082 |a 370.7 
082 |b A796 
100 |a Ary, Donald 
245 0 |a Introduction to research in education 
245 0 |c Donald Ary, Lucy Cheser Jacobs, Asghar Razavieh 
260 |a New York 
260 |b Holt 
260 |c 1985 
520 |a Contents: Foundations; Research background; Statistical analysis; Fundamentals of measurement; Research methods... 
650 |a Education,Giáo dục 
650 |x Research,Nghiên cứu 
904 |i Qhieu 
980 |a Trung tâm Học liệu Trường Đại học Cần Thơ